| 000 | 00610nam a2200229Ia 4500 | ||
|---|---|---|---|
| 003 | OSt | ||
| 005 | 20220928111601.0 | ||
| 006 | a|||||r|||| 00| 0 | ||
| 007 | ta | ||
| 008 | 220927b |||||||| |||| 00| 0 eng d | ||
| 024 | _a41412 | ||
| 037 | _cTextual | ||
| 040 |
_aSDCL _cSDCL _beng |
||
| 041 |
_2eng _aeng |
||
| 082 | _aO152,1I83:g, M2 | ||
| 100 |
_aUpreti Kundanlal Ed. _9424328 |
||
| 245 | 0 | _aSoor Mandaakinee. | |
| 260 |
_aAligarh _bJaagriti Prakashan _c1982 |
||
| 300 |
_a88p. _ccm. |
||
| 942 |
_hO152,1I83:g, M2 _cTEXL _2CC |
||
| 999 |
_c740940 _d740940 |
||